00649nam a2200157 a 450000100100000000500170001000800410002702000180006804000250008610000340011124502040014526000640034930000280041349000250044183000250046600003726520200930080241.0120321s2007 ve 000 0 spa d a9789807163637 aDO-SdBNPbspacBNPHU1 aGuerrero Pérez, Juan José10aLa cancion protesta latinoamericana y la teología de la liberación :bestudios de género musical y análisis de vínculo sociopolítico y religioso 1968-2000 /cJuan José Guerrero Pérez. aCaracas :bFundación Editorial el Perro y la Rana,c2007. a245 p. :bil. ;c22 cm.1 aInventamos o erramos 0aInventamos o erramos